| 000 | 00518nam a2200157 i 4500 | ||
|---|---|---|---|
| 001 | 45240 | ||
| 003 | ES-MaACL | ||
| 005 | 20230906161203.0 | ||
| 007 | t| | ||
| 008 | 030325s1907 sp ||||1| spa d | ||
| 100 | 1 |
_aCobos Carceller, Julio. _939370 |
|
| 245 | 1 | 0 |
_aContribución al estudio de la trombo-flebitis del seno-lateral _b: tesis doctoral / _cpor Julio Cobos Carceller. |
| 260 |
_aSevilla : _b[s.n., _c1907] ( _fTip. de "El correo de Andalucía") |
||
| 502 | _aTesis doctoral. | ||
| 852 |
_aES-MaACL _jT-1132-F-6 |
||
| 999 |
_c45240 _d45240 |
||